| 000 -LEADER |
| fixed length control field |
00611nam a2200229Ia 4500 |
| 001 - CONTROL NUMBER |
| control field |
1094 |
| 003 - CONTROL NUMBER IDENTIFIER |
| control field |
GE_BSU |
| 008 - FIXED-LENGTH DATA ELEMENTS--GENERAL INFORMATION |
| fixed length control field |
181216s||||||||xx |||||||||||||| ||und|| |
| 020 ## - INTERNATIONAL STANDARD BOOK NUMBER |
| International Standard Book Number |
9785946283225 |
| 040 ## - CATALOGING SOURCE |
| Transcribing agency |
GE_BSU |
| 080 ## - UNIVERSAL DECIMAL CLASSIFICATION NUMBER |
| Universal Decimal Classification number |
547(075.5) |
| 100 ## - MAIN ENTRY--PERSONAL NAME |
| Personal name |
Травень,В.Ф. |
| 245 ## - TITLE STATEMENT |
| Title |
Органическая химия. т.2 |
| 245 ## - TITLE STATEMENT |
| Remainder of title |
Уч-к для студ. высш. учебн. завед. |
| 260 ## - PUBLICATION, DISTRIBUTION, ETC. |
| Place of publication, distribution, etc. |
Москва |
| 260 ## - PUBLICATION, DISTRIBUTION, ETC. |
| Name of publisher, distributor, etc. |
ИЦК"Академкнига |
| 260 ## - PUBLICATION, DISTRIBUTION, ETC. |
| Date of publication, distribution, etc. |
2008 |
| 300 ## - PHYSICAL DESCRIPTION |
| Extent |
582стр. |
| 653 ## - INDEX TERM--UNCONTROLLED |
| Uncontrolled term |
Органическая химия |
| 942 ## - ADDED ENTRY ELEMENTS (KOHA) |
| Koha item type |
წიგნი |